header

Spinal manual therapy : (Record no. 96451)

MARC details
000 -LEADER
fixed length control field 02034nam a2200397 i 4500
001 - CONTROL NUMBER
control field ebr10840518
003 - CONTROL NUMBER IDENTIFIER
control field CaPaEBR
006 - FIXED-LENGTH DATA ELEMENTS--ADDITIONAL MATERIAL CHARACTERISTICS--GENERAL INFORMATION
fixed length control field m o d
007 - PHYSICAL DESCRIPTION FIXED FIELD--GENERAL INFORMATION
fixed length control field cr cn|||||||||
008 - FIXED-LENGTH DATA ELEMENTS--GENERAL INFORMATION
fixed length control field 090825t20102010njua ob 001 0 eng|d
020 ## - INTERNATIONAL STANDARD BOOK NUMBER
Cancelled/invalid ISBN 1556428820
Cancelled/invalid ISBN 9781556428821
International Standard Book Number 9781617117923 (e-book)
040 ## - CATALOGING SOURCE
Original cataloging agency CaPaEBR
Language of cataloging eng
Description conventions rda
-- pn
Transcribing agency CaPaEBR
035 ## - SYSTEM CONTROL NUMBER
System control number (OCoLC)873762139
050 14 - LIBRARY OF CONGRESS CALL NUMBER
Classification number RZ265.S64
Item number M355 2010eb
082 04 - DEWEY DECIMAL CLASSIFICATION NUMBER
Classification number 615.8/2
Edition number 22
100 1# - MAIN ENTRY--PERSONAL NAME
Personal name Makofsky, Howard W.,
Dates associated with a name 1955-
245 10 - TITLE STATEMENT
Title Spinal manual therapy :
Remainder of title an introduction to soft tissue mobilization, spinal manipulation, therapeutic and home exercises /
Statement of responsibility, etc Howard W. Makofsky.
250 ## - EDITION STATEMENT
Edition statement Second edition.
264 #1 - PRODUCTION, PUBLICATION, DISTRIBUTION, MANUFACTURE, AND COPYRIGHT NOTICE
Place of production, publication, distribution, manufacture Thorofare, New Jersey :
Name of producer, publisher, distributor, manufacturer Slack Inc.,
Date of production, publication, distribution, manufacture, or copyright notice [2010]
Date of production, publication, distribution, manufacture, or copyright notice �2010
300 ## - PHYSICAL DESCRIPTION
Extent 1 online resource (314 pages) :
Other physical details illustrations
336 ## - CONTENT TYPE
Content type term text
Source rdacontent
337 ## - MEDIA TYPE
Media type term computer
Source rdamedia
338 ## - CARRIER TYPE
Carrier type term online resource
Source rdacarrier
504 ## - BIBLIOGRAPHY, ETC. NOTE
Bibliography, etc Includes bibliographical references and index.
505 0# - FORMATTED CONTENTS NOTE
Formatted contents note section I. Essentials of spinal manual therapy -- section II. Scapulothoracic region -- section III. Cervical spine -- section IV. Temporomandibular joint -- section v. Lumbar spine -- section vi. Pelvic girdle -- section vii. From the classroom to the clinic.
588 ## - SOURCE OF DESCRIPTION NOTE
Source of description note Description based on print version record.
590 ## - LOCAL NOTE (RLIN)
Local note Electronic reproduction. Palo Alto, Calif. : ebrary, 2014. Available via World Wide Web. Access may be limited to ebrary affiliated libraries.
650 #0 - SUBJECT ADDED ENTRY--TOPICAL TERM
Topical term or geographic name as entry element Spinal adjustment.
655 #0 - INDEX TERM--GENRE/FORM
Genre/form data or focus term Electronic books.
776 08 - ADDITIONAL PHYSICAL FORM ENTRY
Display text Print version:
Main entry heading Makofsky, Howard W.
Title Spinal manual therapy : an introduction to soft tissue mobilization, spinal manipulation, therapeutic and home exercises.
Place, publisher, and date of publication Thorofare, New Jersey : Slack Inc., [2010]
Physical description xiv, 311 pages ; 29 cm.
International Standard Book Number 9781556428821
Record control number (OCoLC)ocn435728308
-- (DLC)10840518
797 2# - LOCAL ADDED ENTRY--CORPORATE NAME (RLIN)
Corporate name or jurisdiction name as entry element ebrary.
856 40 - ELECTRONIC LOCATION AND ACCESS
Uniform Resource Identifier <a href="http://site.ebrary.com/lib/rucke/Doc?id=10840518">http://site.ebrary.com/lib/rucke/Doc?id=10840518</a>
Public note An electronic book accessible through the World Wide Web; click to view

No items available.

© 2026 Rongo University
Contact us: librarian | system librarian | Rongo university